[Event "Oberliga Sued W 0809"]
[Site "Germany"]
[Date "2008.12.14"]
[Round "4.8"]
[White "Resa, Tobias"]
[Black "Wahl, Tobias"]
[Result "0-1"]
[WhiteElo "2025"]
[BlackElo "1982"]
[PlyCount "82"]
[EventDate "2008.10.05"]
[EventType "team-tourn"]
[EventRounds "11"]
[EventCountry "GER"]
[SourceTitle "EXT 2012"]
[Source "ChessBase"]
[SourceDate "2011.11.24"]
[SourceVersion "1"]
[SourceVersionDate "2011.11.24"]
[SourceQuality "1"]
[WhiteTeam "Heidesheim"]
[BlackTeam "Kaiserslautern"]
[WhiteTeamCountry "GER"]
[BlackTeamCountry "GER"]

1. d4 Nf6 2. Nc3 d5 3. Bg5 Bf5 4. e3 c6 5. Nf3 Nbd7 6. Bd3 Bg4 7. h3 Bh5 8. g4 Bg6 9. Bxg6 hxg6 10. Ne5 Qc8 11. Bxf6 gxf6 12. Nxd7 Qxd7 13. Qf3 0-0-0 14. 0-0-0 Bg7 15. e4 e6 16. Kb1 dxe4 17. Nxe4 f5 18. gxf5 exf5 19. Nc5 Qd5 20. Qa3 Bxd4 21. Nb3 Rh4 22. c3 Qe4+ 23. Ka1 Bb6 24. Rxd8+ Bxd8 25. Rc1 a6 26. Qc5 Rxh3 27. a3 Rh1 28. Rxh1 Qxh1+ 29. Ka2 Qd5 30. Qe3 b6 31. Qe2 Kb7 32. c4 Qe6 33. Qd3 Bf6 34. a4 Kc7 35. a5 b5 36. cxb5 cxb5 37. Qg3+ Qe5 38. Nc5 Qxg3 39. fxg3 Be7 40. Nd3 Bd6 41. b4 Bxg3 0-1